00958nam a2200169 4500008001400000020001800014082001900032100002000051245006300071260004300134300003100177505040100208650011500609700002100724710002200745711002100767069.074 M986m a9789872182274 a069.074bM986m aGiunta, Andrea  aMuseos y coleccionismo ante el desafío del bicentenario  aBuenos AiresbFundación arteBAc2010 a364 p. bil. c15 x 22 cm  t22/05tMuseos: los nuevos desafíos / Museums: New Challenges t23/05tColeccionismo y agendas públicas / Collecting and public agendas t24/05tLos proyectos de los nuevos curadores / New curators´s projects t25/06tEl museo en el imaginario de la arquitectura / The museum in architecture´s imagerytConclusiones / ConclusionstUn estado de situación / A current state of the situation  xmuseología xmuseos - investigación xmuseos - coleccionismo xmuseos - curadores xmuseos - arquitectura  aConverti, Julia  aDi Stasio, Alicia aValledor, Mario